[Event "Landesliga U20 Sued 1718"]
[Site "Bayern"]
[Date "2017.12.02"]
[Round "3.4"]
[White "Hobmeier, Luis"]
[Black "Rodewis, Jakob"]
[Result "1-0"]
[WhiteElo "1578"]
[BlackElo "722"]
[PlyCount "75"]
[EventDate "2017.11.18"]
[EventType "team-tourn"]
[EventRounds "7"]
[EventCountry "GER"]
[SourceTitle "EXT 2022"]
[Source "ChessBase"]
[SourceDate "2021.10.06"]
[SourceVersion "1"]
[SourceVersionDate "2021.10.06"]
[SourceQuality "1"]
[WhiteTeam "Moosburg SC U20"]
[BlackTeam "Unterhaching U20"]
[WhiteTeamCountry "GER"]
[BlackTeamCountry "GER"]

1. e4 e5 2. Nf3 Nc6 3. Bc4 Bc5 4. d3 Nf6 5. Bg5 d6 6. h3 0-0 7. Nc3 Nd4 8. Nd5 Qd7 9. Nxf6+ gxf6 10. Bxf6 d5 11. Bxd5 c6 12. Bc4 Qd6 13. Bxe5 Nxf3+ 14. Qxf3 Qxe5 15. c3 Kh8 16. d4 Qg7 17. dxc5 Be6 18. Bxe6 fxe6 19. Qg4 Rg8 20. Qxg7+ Rxg7 21. g3 Rd8 22. Rd1 Rdg8 23. Rd6 Rg6 24. Ke2 Kg7 25. Rd7+ Kf8 26. Rxb7 a6 27. Rd1 Ke8 28. Rdd7 R8g7 29. Rxg7 Rxg7 30. Rxg7 Kf8 31. Rxh7 Kg8 32. Ra7 Kh8 33. Kf3 Kg8 34. Kf4 Kh8 35. Kg5 Kg8 36. Kf6 Kh8 37. Kg6 Kg8 38. Ra8# 1-0